000 00559nam a22001937a 4500
999 _c167445
_d167445
005 20191003125637.0
010 _aENG-126402
020 _c250.00
_a978-93-52230-80-8
035 _aEN-109934
037 _bDBAD/PUB
082 _aN
100 _aCervantes,Miguel De
245 _aDon Quixote/
_cby Miguel De Cervantes
260 _aNoida
_bMaple Press Private Limited
_c2017
270 _bNoida
_aA63, Sector 58 , Noida
_e201301
_k911204553581
_minfo@maplepress.co.in
300 _a461p.
_c22cm(pbk)
650 _aENGLISH NOVEL
942 _2ddc
_cEN
_hN
_mCER